000
00322nam a22001337a 4500
008
180914b xxu||||| |||| 00| 0 eng d
020
_a
9781590707524
041
_a
eng
080
_2
14 ED
_a
721
100
_a
41
101
_a
NDE
245
_a
Autocad And Ots Applications Basic
_c
Shumaker.T.M
942
_2
udc
_c
BK
999
_c
47820
_d
47820